000 00405nam a2200157Ia 4500
003 LK-CoDNM
008 010623t1986 xxu||||| |||| 00| 1 eng d
040 _aLK-CoDNM
_dLK-CoDNM
_eLK-CoDNM
041 _aeng
080 _ax 820-31(3)
100 _aSarachchandra, Ediriwira
245 _aWith the begging bowl
260 _bB.R.publishing Corporation
_aDelhi
_c1986
300 _b250, 23 cm
942 _cBK
999 _c113223
_d113223